| 000 | 00468nam a2200133Ia 4500 | ||
|---|---|---|---|
| 008 | 170221s9999 xx 000 0 und d | ||
| 100 | _aThomas J. Stipanowich | ||
| 245 | _aIn Quest of the Arbitration Trifecta, or Closed Door Litigation?: The Delaware Arbitration Program | ||
| 245 | _cThomas J. Stipanowich | ||
| 260 | _c2015 | ||
| 300 | _a4 : 1 | ||
| 650 | _xBusiness | ||
| 856 | _uhttp://digitalcommons.pepperdine.edu/cgi/viewcontent.cgi?article=1097&context=jbel | ||
| 999 |
_c311473 _d311473 |
||